「お」から始まる市区町村 - Statistics

General Stats
  • This quiz has been taken 716 times
    580 since last reset
  • The average score is 64 of 123
Answer Stats
市区町村 都道府県 % Correct
大阪市 大阪府
88%
岡山市 岡山県
86%
大分市 大分県
83%
沖縄市 沖縄県
82%
太田市 群馬県
81%
大津市 滋賀県
78%
大野市 福井県
78%
大田区 東京都
77%
男鹿市 秋田県
74%
近江八幡市 滋賀県
73%
奥多摩町 東京都 西多摩郡
73%
小田原市 神奈川県
73%
大田市 島根県
72%
小野市 兵庫県
71%
小山市 栃木県
71%
おいらせ町 青森県 上北郡
69%
青梅市 東京都
69%
大垣市 岐阜県
69%
大川市 福岡県
69%
大野城市 福岡県
69%
奥州市 岩手県
68%
岡崎市 愛知県
68%
大崎市 宮城県
67%
隠岐の島町 島根県 隠岐郡
67%
大井町 神奈川県 足柄上郡
66%
大村市 長崎県
66%
奥尻町 北海道 奥尻郡
65%
大阪狭山市 大阪府
63%
大島町 東京都
63%
大田原市 栃木県
63%
尾鷲市 三重県
63%
尾道市 広島県
62%
大牟田市 福岡県
61%
御前崎市 静岡県
61%
邑楽町 群馬県 邑楽郡
60%
大館市 秋田県
60%
小浜市 福井県
60%
大月市 山梨県
59%
大間町 青森県 下北郡
59%
小笠原村 東京都
59%
岡谷市 長野県
59%
小樽市 北海道
59%
遠賀町 福岡県 遠賀郡
59%
大町市 長野県
57%
女川町 宮城県 牡鹿郡
57%
尾花沢市 山形県
57%
大洲市 愛媛県
56%
桶川市 埼玉県
56%
帯広市 北海道
56%
小矢部市 富山県
56%
恩納村 沖縄県 国頭郡
56%
おおい町 福井県 大飯郡
55%
大竹市 広島県
55%
小城市 佐賀県
55%
音威子府村 北海道 中川郡 (天塩国)
55%
小美玉市 茨城県
55%
尾張旭市 愛知県
55%
大磯町 神奈川県 中郡
53%
小千谷市 新潟県
53%
王寺町 奈良県 北葛城郡
51%
王滝村 長野県 木曽郡
51%
大府市 愛知県
51%
大船渡市 岩手県
51%
小川町 埼玉県 比企郡
51%
興部町 北海道 紋別郡
51%
大網白里市 千葉県
50%
小野町 福島県 田村郡
50%
雄武町 北海道 紋別郡
49%
御宿町 千葉県 夷隅郡
49%
大川村 高知県 土佐郡
47%
大多喜町 千葉県 夷隅郡
47%
大野町 岐阜県 揖斐郡
47%
奥出雲町 島根県 仁多郡
47%
小山町 静岡県 駿東郡
47%
大崎上島町 広島県 豊田郡
46%
小国町 山形県 西置賜郡
46%
小国町 熊本県 阿蘇郡
46%
大石田町 山形県 北村山郡
45%
大河原町 宮城県 柴田郡
45%
大山崎町 京都府 乙訓郡
45%
小郡市 福岡県
45%
小鹿野町 埼玉県 秩父郡
44%
大洗町 茨城県 東茨城郡
43%
大木町 福岡県 三潴郡
43%
大津町 熊本県 菊池郡
43%
邑南町 島根県 邑智郡
43%
置戸町 北海道 常呂郡
43%
長万部町 北海道 山越郡
43%
大崎町 鹿児島県 曽於郡
42%
越生町 埼玉県 入間郡
42%
小値賀町 長崎県 北松浦郡
42%
音更町 北海道 河東郡
42%
大熊町 福島県 双葉郡
41%
麻績村 長野県 東筑摩郡
41%
大江町 山形県 西村山郡
40%
大月町 高知県 幡多郡
40%
越知町 高知県 高岡郡
40%
大空町 北海道 網走郡
39%
大町町 佐賀県 杵島郡
39%
大宜味村 沖縄県 国頭郡
38%
大槌町 岩手県 上閉伊郡
38%
忍野村 山梨県 南都留郡
38%
大泉町 群馬県 邑楽郡
37%
大潟村 秋田県 南秋田郡
37%
大台町 三重県 多気郡
37%
乙部町 北海道 爾志郡
37%
岡垣町 福岡県 遠賀郡
35%
小川村 長野県 上水内郡
35%
小平町 北海道 留萌郡
35%
小谷村 長野県 北安曇郡
34%
大口町 愛知県 丹羽郡
33%
大桑村 長野県 木曽郡
33%
大衡村 宮城県 黒川郡
33%
大淀町 奈良県 吉野郡
33%
小布施町 長野県 上高井郡
33%
大任町 福岡県 田川郡
32%
大治町 愛知県 海部郡
32%
大蔵村 山形県 最上郡
31%
大玉村 福島県 安達郡
31%
大鹿村 長野県 下伊那郡
30%
大豊町 高知県 長岡郡
29%
大鰐町 青森県 南津軽郡
28%
大郷町 宮城県 黒川郡
27%
No matching quizzes found
Score Distribution
Percent of People with Each Score
Percentile by Number Answered
Your Score History
You have not taken this quiz since the last reset